| 000 | 00423 a2200133 4500 | ||
|---|---|---|---|
| 001 | 91334 | ||
| 082 | _aPR 1232 | ||
| 090 |
_c43450 _d43449 |
||
| 100 | _aShahzad Saleem; | ||
| 245 |
_aTo upgrade the Existing Measurement System of CAE 4"x4" Supersonic wind tunnel by incorporating computerized data aquisition system _n45 "A" EC |
||
| 260 |
_aKarachi _bNED University _c1996 |
||
| 300 | _a130p | ||
| 500 | _aBE Poject Reports | ||
| 942 |
_aCAE NUST _kPR 1232 |
||
| 999 |
_c326407 _d326407 |
||